ბათუმის შოთა რუსთაველის სახელმწიფო უნივერსიტეტის ბიბლიოთეკა

ერთობა ჩვენთვის ტახტია (ბიბ.ჩანაწერი № 48677)

000 -LEADER
fixed length control field 00658nam a2200217Ia 4500
001 - CONTROL NUMBER
control field 15577
003 - CONTROL NUMBER IDENTIFIER
control field GE_BSU
008 - FIXED-LENGTH DATA ELEMENTS--GENERAL INFORMATION
fixed length control field 181216s||||||||xx |||||||||||||| ||und||
040 ## - CATALOGING SOURCE
Transcribing agency GE_BSU
080 ## - UNIVERSAL DECIMAL CLASSIFICATION NUMBER
Universal Decimal Classification number 821.353.1-1 + 821.353.1-32
100 ## - MAIN ENTRY--PERSONAL NAME
Personal name წერეთელი, აკაკი
245 ## - TITLE STATEMENT
Title ერთობა ჩვენთვის ტახტია
245 ## - TITLE STATEMENT
Remainder of title კრებული
260 ## - PUBLICATION, DISTRIBUTION, ETC.
Place of publication, distribution, etc. თბილისი
260 ## - PUBLICATION, DISTRIBUTION, ETC.
Name of publisher, distributor, etc. ნაკადული
260 ## - PUBLICATION, DISTRIBUTION, ETC.
Date of publication, distribution, etc. 1991
300 ## - PHYSICAL DESCRIPTION
Extent 448გვ.20სმ.
653 ## - INDEX TERM--UNCONTROLLED
Uncontrolled term ერთობა ჩვენთვის ტახტია
653 ## - INDEX TERM--UNCONTROLLED
Uncontrolled term კრებული
942 ## - ADDED ENTRY ELEMENTS (KOHA)
Koha item type წიგნი
ეგზემპლარები
Withdrawn status Lost status Damaged status Not for loan Date acquired Barcode Date last seen Price effective from Koha item type
        2018-12-17 38777 2018-12-17 2018-12-17 წიგნი
        2018-12-17 38778 2018-12-17 2018-12-17 წიგნი
        2018-12-17 38779 2018-12-17 2018-12-17 წიგნი
        2018-12-17 38780 2018-12-17 2018-12-17 წიგნი
        2018-12-17 38781 2018-12-17 2018-12-17 წიგნი
        2018-12-17 38782 2018-12-17 2018-12-17 წიგნი
        2018-12-17 38783 2018-12-17 2018-12-17 წიგნი
        2018-12-17 38784 2018-12-17 2018-12-17 წიგნი
        2018-12-17 38785 2018-12-17 2018-12-17 წიგნი
        2018-12-17 38786 2018-12-17 2018-12-17 წიგნი
        2018-12-17 38787 2018-12-17 2018-12-17 წიგნი
        2018-12-17 38788 2018-12-17 2018-12-17 წიგნი
        2018-12-17 38790 2018-12-17 2018-12-17 წიგნი
        2018-12-17 39158 2018-12-17 2018-12-17 წიგნი